Charakteristika povrchových vôd v povodí Hrona : Bakalárska práca

Gespeichert in:
Bibliographische Detailangaben
1. Verfasser: Bereková, Silvia (Verfasst von)
Weitere Verfasser: Kalló, Vojtech (xxx)
Format: Manuskript Buch
Sprache:Slowakisch
Veröffentlicht: Trnava : STU v Bratislave MtF KEBI, 2003
Schlagworte:
Tags: Tag hinzufügen
Keine Tags, Fügen Sie das erste Tag hinzu!

MARC

LEADER 00000ntm a22000003a 4500
001 stu84019
005 20160719154900.5
008 040216s2003----xo------------------slo-d
040 |a STU  |b slo 
041 0 |a slo 
044 |a xo 
100 1 |a Bereková, Silvia  |4 aut 
245 1 |a Charakteristika povrchových vôd v povodí Hrona :  |b Bakalárska práca 
260 |a Trnava :  |b STU v Bratislave MtF KEBI,  |c 2003 
300 |a 44 s  |c príl. 
650 7 |a inžinierstvo životného prostredia  |2 stusub 
650 7 |a vody povrchové  |2 stusub 
700 1 |a Kalló, Vojtech  |4 xxx 
996 |b 284M054964  |c M*BP-364  |l MMSKP  |s P  |a 0  |w stu84019_0001